00429nam a2200157Ia 4500008004100000100001900041245006700060245001800127260003000145260000900175300001700184440003000201650001600231650001200247650001200259190425s9999 xx 000 0 und d aCinco, Maricar aIt's more fun -and profitable- with farm tourism, puyat hopes/ cMaricar Cinco bPhilippine Daily Inquirer c2018 aSeptember 02 aPhilippine Daily Inquirer aagriculture afarming atourism